000 00551cam a2200205ua 4500
001 11248
005 20260515114729.0
008 190904n ii |||gr||||Z||||||eng
020 _a9788121904346
040 _cMAIN
041 _aeng
082 _a332.46
100 _aSuraj B Gupta,
_eAuthor.
245 _aMonetary economics :
_bInstitutions, Theory and policy /
_cBy Suraj B Gupta .
250 _a1st ed rep.
260 _aNew Delhi:
_bS chand and company limited,
_c2018.
300 _a460p.
653 _aFinancial economics
942 _cBK
999 _c10099
_d10099